Score 0/7 Timer 03:00
0 Plays Today
Question Answer Wrong Answers
Jacques de Molay, the last Grand Master of this Christian military order, is burned at the stake by King Philip IV of France.
1314
Knights Templar
84.7%
Teutonic Knights
5.9%
Knights Hospitalier
3.6%
Order of Saint Lazarus
5.6%
Henry Wells and William G. Fargo launch their namesake business of this type in New York City.
1852
Shipping and banking
78.6%
Department store
4.9%
Law firm
3.5%
Insurance
11.1%
This world leader meets Hitler in the Alps to discuss Germany's war against France and Britain.
1940
Benito Mussolini
74.3%
Hirohito
4.2%
Joseph Stalin
17.4%
Boris III
0.9%
Soviet consultants leave this country, the first indication of the Tito-Stalin Split.
1948
Yugoslavia
70.9%
Romania
7.8%
Austria
5.1%
Ukraine
13.7%
This man, the first Prime Minister of Great Britain, dies after a rapid decline in health.
1745
Robert Walpole
64.8%
Henry Pelham
4.8%
William Cavendish
20.5%
John Stuart
8.8%
Mohandas Gandhi begins a six-year prison sentence, but only serves two years before being released for surgery for this condition.
1922
Appendicitis
47.1%
Broken arm
1.5%
Lymphoma
6.7%
Malnutrition
41.9%
The first and only free democratic parliamentary election takes place in this former communist dictatorship.
1990
East Germany
43.2%
Yugoslavia
16.6%
Czechoslovakia
26.5%
North Vietnam
10%
Remove Ads.
Support Sporcle.
Get the best of Sporcle when you Go Orange. This ad-free experience offers more features, more stats, and more fun while also helping to support Sporcle. Thank you for becoming a member.

You're not logged in!

Compare scores with friends on all Sporcle quizzes.
OR
Log In

Show Comments

Extras

Top Quizzes Today


Score Distribution

Your Account Isn't Verified!

In order to create a playlist on Sporcle, you need to verify the email address you used during registration. Go to your Sporcle Settings to finish the process.

Report this User

Report this user for behavior that violates our Community Guidelines.

Details: